00356nam a2200133Ia 45000010005000000080041000050200022000460820025000681000021000932450046001142600019001609010028001799990015002073712241024s9999 xx 000 0 und d a978-9945-8761-2-3 aRD/320.5097293/N973g aRafael Núñez 0aGabinetes de comunicación gubernamental bSerigrafc2012 a20/2/2014 10:22:10 a.m. c9820d9820